000 00826nam a2200241 i 4500
001 13061
003 ES-MaACL
005 20250828094148.0
007 t|
008 920811s1991 sp a |||| | spa
020 _a84-600-7789-6
080 _a726.591.12.034(460.253)(043.2)
100 1 _aHernández Nieves, Román.
_963006
245 1 0 _aRetablística de la Baja Extremadura
_b: (siglos XVI-XVIII) /
_cRomán Hernández Nieves.
260 _aMérida :
_bUNED, Centro Regional de Extremadura,
_c[1991]
300 _aXI, 620 p. :
_bil. ;
_c24 cm.
500 _aÍndices.
504 _aBibliografía.
650 4 _aRetablos-
_zExtremadura.
_9151078
710 2 _aUniversidad Nacional de Educación a Distancia (España).
_bCentro Regional de Extremadura
_97412
852 _aES-MaACL
_jL-20446
999 _c13061
_d13061